000 00610nam a2200193 a 4500
001 000013607
005 20240702114200.0
008 091126s1966 dr 000 j spa d
040 _aDO-SdBNP
_bspa
_cBNPHU
082 _aRD863.44
_bL129n
100 1 _aLacay Polanco, Ramón,
_d1918-1986
_923155
245 1 0 _aNo todo esta perdido :
_bcuentos /
_cRamón Lacay Polanco.
260 _aSanto Domingo :
_bComery,
_c1966.
300 _a121 p. ;
_c23 cm.
590 _aInventariado, 2019/BT
650 0 _aCuentos dominicanos
_9176
650 0 _aLiteratura dominicana.
_967
910 _aValidado. Control de calidad MFF
999 _c13222
_d13222